[Event "Basingstoke 4NCL Spring Bank 2nd"]
[Site "Basingstoke"]
[Date "2019.05.27"]
[Round "7"]
[White "Merry, Alan B"]
[Black "Zakarian, David"]
[Result "1-0"]
[WhiteElo "2440"]
[BlackElo "2341"]
[PlyCount "159"]
[EventDate "2019.05.24"]
[EventType "swiss"]
[EventRounds "7"]
[EventCountry "ENG"]
[SourceTitle "CBM 190 Extra"]
[Source "ChessBase"]
[SourceDate "2019.07.15"]
[SourceVersion "1"]
[SourceVersionDate "2019.07.15"]
[SourceQuality "1"]

1. c4 Nf6 2. Nc3 g6 3. g3 Bg7 4. Bg2 0-0 5. d4 d6 6. Nf3 Nc6 7. 0-0 a6 8. Qc2 Bf5 9. e4 Bg4 10. Be3 Bxf3 11. Bxf3 Nd7 12. Rad1 e5 13. d5 Ne7 14. Bg2 f5 15. exf5 Nxf5 16. Qd2 Nf6 17. Ne4 Nxe4 18. Bxe4 Nxe3 19. Qxe3 b6 20. Kg2 Qd7 21. h4 Rf6 22. Rh1 Raf8 23. f3 Qa4 24. Qe2 a5 25. a3 Rb8 26. Rc1 Bh6 27. Rc3 Qe8 28. b3 Ra8 29. Qd3 Qf7 30. Kf1 Bf8 31. Ke2 Bh6 32. Kd1 Bf8 33. Kc2 Be7 34. Kb1 Rf8 35. Ka2 Kg7 36. h5 gxh5 37. Rc2 a4 38. bxa4 Rxf3 39. Bxf3 Qxf3 40. Qxf3 Rxf3 41. Rxh5 h6 42. Rhh2 Kg6 43. g4 Rf4 44. Kb3 Rxg4 45. Kb4 Bg5 46. Kb5 Be3 47. a5 bxa5 48. Kxa5 Kf5 49. a4 Ke4 50. Ka6 Kd3 51. Kb7 Rxc4 52. Rxc4 Kxc4 53. a5 Kxd5 54. a6 e4 55. Kxc7 Bd4 56. Rd2 e3 57. a7 exd2 58. a8Q+ Kc4 59. Qf3 Be5 60. Kc6 h5 61. Qxh5 Kd3 62. Qd1 Bf4 63. Kb5 d5 64. Kb4 d4 65. Kb3 Ke3 66. Kc2 d3+ 67. Kc3 Be5+ 68. Kc4 Bf4 69. Qf1 Bg5 70. Qxd3+ Kf2 71. Kb3 Bf4 72. Kc2 Be3 73. Kd1 Bf4 74. Qe4 Kg3 75. Ke2 Kg4 76. Qf3+ Kg5 77. Kd3 Kf5 78. Kd4 Kg5 79. Ke4 Kg6 80. Kxf4 1-0

[Event "Basingstoke 4NCL Spring Bank 2nd"]
[Site "Basingstoke"]
[Date "2019.05.26"]
[Round "5"]
[White "Siddharth, Jagadeesh"]
[Black "Merry, Alan B"]
[Result "1/2-1/2"]
[WhiteElo "2282"]
[BlackElo "2440"]
[PlyCount "119"]
[EventDate "2019.05.24"]
[EventType "swiss"]
[EventRounds "7"]
[EventCountry "ENG"]
[SourceTitle "CBM 190 Extra"]
[Source "ChessBase"]
[SourceDate "2019.07.15"]
[SourceVersion "1"]
[SourceVersionDate "2019.07.15"]
[SourceQuality "1"]

1. d4 e6 2. c4 c5 3. Nf3 cxd4 4. Nxd4 Nf6 5. Nc3 a6 6. g3 Qc7 7. Qd3 Nc6 8. Nxc6 dxc6 9. Bg2 e5 10. 0-0 Be7 11. b3 Be6 12. Bb2 Nd7 13. Rac1 Rd8 14. Qf3 Qb8 15. Rfd1 0-0 16. e4 b5 17. Nd5 cxd5 18. cxd5 Bc5 19. Qe2 Qa7 20. Rf1 Bxd5 21. exd5 Rfe8 22. Kh1 Nf6 23. Rcd1 Qb6 24. Qc2 Ng4 25. Rd2 Rc8 26. Bh3 Be3 27. Qd1 Bxd2 28. Bxg4 Bc3 29. Bxc8 Bxb2 30. Bd7 Rd8 31. Bh3 Bd4 32. Qf3 Qc5 33. Bg2 g6 34. Qf6 Rd6 35. Qg5 Kg7 36. Qe7 Rxd5 37. Qb7 Rd6 38. f4 exf4 39. Rxf4 Bf6 40. Rf1 h5 41. Qe4 b4 42. Qf4 a5 43. Rc1 Qd4 44. Qxd4 Rxd4 45. Bf1 Rd2 46. Rc7 Be5 47. Rc5 f6 48. Rxa5 h4 49. gxh4 Rxh2+ 50. Kg1 Rxh4 51. Bc4 Rd4 52. a3 bxa3 53. Rxa3 g5 54. Ra8 g4 55. Rg8+ Kh6 56. Bf7 Rf4 57. Kg2 f5 58. Rg6+ Kh7 59. Rg5 Bd6 60. Be6 1/2-1/2

[Event "Harrogate 4NCL op-A 21st"]
[Site "Harrogate"]
[Date "2019.01.20"]
[Round "5.1"]
[White "Merry, Alan B"]
[Black "Gormally, Daniel"]
[Result "0-1"]
[WhiteElo "2434"]
[BlackElo "2481"]
[PlyCount "114"]
[EventDate "2019.01.18"]
[EventType "swiss"]
[EventRounds "5"]
[EventCountry "ENG"]
[SourceTitle "EXT 2020"]
[Source "ChessBase"]
[SourceDate "2019.10.17"]
[SourceVersion "1"]
[SourceVersionDate "2019.10.17"]
[SourceQuality "1"]

1. c4 e5 2. g3 Nf6 3. Bg2 Nc6 4. Nc3 Bb4 5. e4 Bxc3 6. bxc3 d6 7. Ne2 0-0 8. 0-0 Be6 9. d3 Qd7 10. f4 Bh3 11. f5 Bxg2 12. Kxg2 Qe7 13. h3 h6 14. g4 Nh7 15. Rf3 f6 16. Rg3 Rab8 17. a4 Kf7 18. Ng1 Ke8 19. Nf3 Kd7 20. h4 Rbe8 21. Be3 Kc8 22. Ra2 Rh8 23. Kg1 Kb8 24. Rag2 Nf8 25. g5 hxg5 26. hxg5 Nd7 27. gxf6 gxf6 28. Nh2 Qd8 29. Rg7 Reg8 30. Qg4 Ne7 31. Kf1 b6 32. Rxg8 Rxg8 33. Qh5 Rxg2 34. Kxg2 Nc5 35. Ng4 Qg8 36. Kf3 Nxd3 37. Nxf6 Qxc4 38. Qe8+ Nc8 39. Qb5 Ne1+ 40. Kg4 Qxc3 41. Qe2 Nc2 42. Nd5 Qb3 43. f6 Qxa4 44. Qf3 Qd7+ 45. Kg5 Qf7 46. Qh5 Qg8+ 47. Qg6 Qd8 48. Qg7 Nxe3 49. Nxe3 d5 50. Nf5 dxe4 51. Kg6 e3 52. f7 e2 53. Qxe5 Qd2 54. Nd4 e1Q 55. Nc6+ Kb7 56. Nd8+ Qxd8 57. Qxe1 Nd6 0-1

[Event "BCF-chT1a 1819 (4NCL)"]
[Site "England"]
[Date "2019.01.12"]
[Round "3.32"]
[White "Merry, Alan B"]
[Black "Oyama, Akito"]
[Result "1/2-1/2"]
[WhiteElo "2434"]
[BlackElo "2198"]
[PlyCount "79"]
[EventDate "2018.11.10"]
[EventType "team-tourn"]
[EventRounds "7"]
[EventCountry "ENG"]
[SourceTitle "CBM 188 Extra"]
[Source "ChessBase"]
[SourceDate "2019.02.26"]
[SourceVersion "1"]
[SourceVersionDate "2019.02.26"]
[SourceQuality "1"]
[WhiteTeam "Barbican"]
[BlackTeam "North East England"]
[WhiteTeamCountry "ENG"]
[BlackTeamCountry "ENG"]

1. e4 c5 2. Nf3 Nc6 3. Bb5 e6 4. Bxc6 bxc6 5. d3 Ne7 6. Qe2 Ng6 7. h4 h5 8. e5 f6 9. Qe4 Kf7 10. Na3 Nxe5 11. Nxe5+ fxe5 12. Qxe5 d6 13. Qe2 d5 14. Bf4 Bd6 15. Bxd6 Qxd6 16. f4 c4 17. dxc4 Rb8 18. c3 Re8 19. Rf1 Kg8 20. 0-0-0 e5 21. Qxh5 g6 22. c5 gxh5 23. cxd6 Bg4 24. Rde1 e4 25. Nc2 Rbd8 26. f5 Kf7 27. Ne3 Rg8 28. Rf4 Kf6 29. Kd2 Rxd6 30. Nxg4+ Rxg4 31. Rxg4 hxg4 32. Rf1 c5 33. Rf4 g3 34. Rg4 Kxf5 35. Rxg3 d4 36. cxd4 cxd4 37. Rg8 d3 38. Re8 Rg6 39. Rf8+ Ke5 40. Re8+ 1/2-1/2